[Event "P-3894 "]
[Site "IECC email"]
[Date "2005.03.13"]
[Round "?"]
[White "Dunn, Carl"]
[Black "Dobrin, Doron"]
[Result "0-1"]
[WhiteElo "1892"]
[BlackElo "1973"]
[PlyCount "48"]
[EventDate "2005.??.??"]
[EventType "tourn (corr)"]
[SourceTitle "Corr 2020"]
[Source "ChessBase"]
[SourceDate "2019.09.30"]
[SourceVersion "1"]
[SourceVersionDate "2019.09.30"]
[SourceQuality "1"]
[WhiteTeam "United States"]
[BlackTeam "France"]
[WhiteTeamCountry "USA"]
[BlackTeamCountry "FRA"]

1. e4 c5 2. Nf3 d6 3. d4 cxd4 4. Qxd4 Nc6 5. Bb5 Bd7 6. Bxc6 Bxc6 7. Nc3 Nf6 8. Bg5 e6 9. 0-0-0 Be7 10. Rhe1 0-0 11. Qd2 h6 12. Bf4 e5 13. Bg3 Rc8 14. Bh4 Qb6 15. g4 Rc7 16. g5 hxg5 17. Bxg5 Rfc8 18. Bxf6 Bxf6 19. Rg1 Bb5 20. Qh6 d5 21. exd5 Rxc3 22. bxc3 Rxc3 23. Rg2 Rxc2+ 24. Kxc2 Qc5+ 0-1

[Event "P-3744"]
[Site "IECC email"]
[Date "2004.08.06"]
[Round "?"]
[White "Malmstrom, Jan"]
[Black "Dobrin, Doron"]
[Result "1/2-1/2"]
[WhiteElo "2050"]
[BlackElo "1969"]
[PlyCount "123"]
[EventDate "2004.??.??"]
[EventType "tourn (corr)"]
[SourceTitle "Corr 2020"]
[Source "ChessBase"]
[SourceDate "2019.09.30"]
[SourceVersion "1"]
[SourceVersionDate "2019.09.30"]
[SourceQuality "1"]
[WhiteTeam "Sweden"]
[BlackTeam "France"]
[WhiteTeamCountry "SWE"]
[BlackTeamCountry "FRA"]

1. e4 c5 2. Nf3 d6 3. d4 cxd4 4. Nxd4 Nf6 5. Nc3 g6 6. Be3 Bg7 7. Be2 0-0 8. 0-0 Nc6 9. Qd2 Bd7 10. f3 Ne5 11. Nd5 Rc8 12. c3 Nxd5 13. exd5 Nc4 14. Bxc4 Rxc4 15. f4 Qa5 16. Nb3 Qc7 17. Bd4 Bxd4+ 18. Nxd4 Re8 19. Qe2 Rc5 20. Qf3 Qc8 21. Nb3 Bg4 22. Qd3 Rc4 23. Rae1 Ra4 24. a3 Bf5 25. Qf3 Bg4 26. Qg3 Bd7 27. Nd4 Ra5 28. f5 Rxd5 29. fxg6 fxg6 30. Qf3 e6 31. Qf7+ Kh8 32. Re3 Qd8 33. Nxe6 Bxe6 34. Rxe6 Rxe6 35. Qxe6 Qb6+ 36. Kh1 Qf2 37. Qc8+ Kg7 38. Qxb7+ Kh6 39. Rg1 Re5 40. h3 d5 41. Qb5 a6 42. Qf1 Re2 43. Qxf2 Rxf2 44. Rd1 Rxb2 45. Rxd5 Rb1+ 46. Kh2 Rb3 47. a4 Rxc3 48. Rd6 Kg5 49. a5 h5 50. Rxa6 Ra3 51. Ra8 Ra1 52. a6 Ra3 53. g3 Ra2+ 54. Kg1 h4 55. gxh4+ Kxh4 56. a7 Kg3 57. Kf1 Rf2+ 58. Ke1 Rf7 59. Kd2 Rh7 60. Ke3 g5 61. Ke4 Kxh3 62. Rg8 1/2-1/2

[Event "IECC P email"]
[Site "IECC email"]
[Date "2002.12.27"]
[Round "?"]
[White "Lewis, Matthew"]
[Black "Dobrin, Doron"]
[Result "1/2-1/2"]
[WhiteElo "1897"]
[BlackElo "1926"]
[PlyCount "67"]
[EventDate "2002.??.??"]
[EventType "tourn (corr)"]
[EventRounds "6"]
[SourceTitle "Corr 2008"]
[Source "ChessBase"]
[SourceDate "2008.06.24"]
[SourceVersion "1"]
[SourceVersionDate "2008.06.24"]
[SourceQuality "1"]

1. e4 c5 2. Nf3 d6 3. d4 cxd4 4. Nxd4 Nf6 5. Nc3 g6 6. Be3 Bg7 7. f3 0-0 8. Qd2 Nc6 9. 0-0-0 d5 10. exd5 Nxd4 11. Bxd4 a6 12. g4 b5 13. g5 Nh5 14. Bxg7 Nxg7 15. Kb1 Bf5 16. Be2 Rc8 17. Rhe1 Bxc2+ 18. Qxc2 b4 19. Bxa6 Rc7 20. Bc4 bxc3 21. Qxc3 Qc8 22. b3 Qb8 23. Rd2 Rfc8 24. Kc1 Nf5 25. Rc2 Nd6 26. Kd1 Nxc4 27. bxc4 Rxc4 28. Qxc4 Rxc4 29. Rxc4 Qb1+ 30. Kd2 Qxa2+ 31. Kd3 Qa5 32. Rc8+ Kg7 33. Re5 e6 34. f4 1/2-1/2

[Event "IECC P email"]
[Site "IECC email"]
[Date "2002.05.15"]
[Round "?"]
[White "Gould, Michael"]
[Black "Dobrin, Doron"]
[Result "1/2-1/2"]
[WhiteElo "1782"]
[BlackElo "1932"]
[PlyCount "57"]
[EventDate "2002.??.??"]
[EventType "tourn (corr)"]
[EventRounds "6"]
[SourceTitle "Corr 2008"]
[Source "ChessBase"]
[SourceDate "2008.06.24"]
[SourceVersion "1"]
[SourceVersionDate "2008.06.24"]
[SourceQuality "1"]

1. d4 Nf6 2. Bg5 Ne4 3. Bf4 d5 4. f3 Nf6 5. e4 dxe4 6. Nc3 exf3 7. Nxf3 Bg4 8. h3 Bd7 9. Bc4 e6 10. Qe2 Bd6 11. Ne5 0-0 12. 0-0-0 a6 13. Qe3 b5 14. Bb3 a5 15. a4 bxa4 16. Qf3 axb3 17. Qxa8 Bc6 18. Nxc6 Bxf4+ 19. Kb1 bxc2+ 20. Kxc2 Qd6 21. Nxa5 Nd5 22. Nc4 Nc6 23. Qa3 Ncb4+ 24. Kb1 Qc6 25. Nxd5 Nxd5 26. Qb3 Ra8 27. Rhf1 f6 28. Rf3 Ra4 29. Na3 1/2-1/2

[Event "IECC CL3-2002.01"]
[Site "IECC email"]
[Date "2002.01.08"]
[Round "?"]
[White "Dobrin, Doron"]
[Black "Dunn, Carl"]
[Result "1-0"]
[WhiteElo "1895"]
[BlackElo "1926"]
[PlyCount "59"]
[EventDate "2002.??.??"]
[EventType "tourn (corr)"]
[EventRounds "4"]
[SourceTitle "Corr 2008"]
[Source "ChessBase"]
[SourceDate "2008.06.24"]
[SourceVersion "1"]
[SourceVersionDate "2008.06.24"]
[SourceQuality "1"]

1. e4 Nc6 2. Nf3 e5 3. Bc4 Bc5 4. b4 Bxb4 5. c3 Ba5 6. d4 exd4 7. 0-0 Nf6 8. Ba3 d6 9. e5 d5 10. Bb5 Ne4 11. cxd4 Bb6 12. Bxc6+ bxc6 13. Qc2 Bd7 14. Nbd2 Ng5 15. Rab1 Ne6 16. Nb3 Nf4 17. Nc5 Bg4 18. Nb3 Rb8 19. e6 Bxe6 20. Rfe1 Qf6 21. Qxc6+ Kd8 22. Nc5 Qg6 23. Nh4 Nh3+ 24. Kf1 Qf6 25. Rb2 Bg4 26. Qxd5+ Kc8 27. gxh3 Bxh3+ 28. Ng2 c6 29. Qh5 Bf5 30. Re7 1-0

[Event "IECC CL3-2001.26"]
[Site "IECC email"]
[Date "2001.08.04"]
[Round "?"]
[White "Bertel, Michael"]
[Black "Dobrin, Doron"]
[Result "0-1"]
[WhiteElo "1860"]
[BlackElo "1866"]
[PlyCount "90"]
[EventDate "2001.??.??"]
[EventType "tourn (corr)"]
[EventRounds "4"]
[SourceTitle "Corr 2008"]
[Source "ChessBase"]
[SourceDate "2008.06.24"]
[SourceVersion "1"]
[SourceVersionDate "2008.06.24"]
[SourceQuality "1"]

1. d4 Nf6 2. c4 g6 3. Nc3 Bg7 4. e4 d6 5. Nf3 0-0 6. Be2 c5 7. dxc5 dxc5 8. 0-0 Nc6 9. Bf4 Qb6 10. Na4 Qa5 11. Bd2 Qc7 12. Nxc5 b6 13. Nd3 Nxe4 14. Bf4 e5 15. Ndxe5 Nxe5 16. Bxe5 Bxe5 17. Qd5 Bxb2 18. Qxe4 Bb7 19. Qc2 Bxa1 20. Rxa1 Rad8 21. h3 Rfe8 22. Rc1 Qf4 23. Rd1 Rxd1+ 24. Qxd1 Bxf3 25. Bxf3 Qxc4 26. Bd5 Qe2 27. Qc1 Qe1+ 28. Qxe1 Rxe1+ 29. Kh2 Kg7 30. Bb3 f5 31. g4 f4 32. g5 h6 33. gxh6+ Kxh6 34. Kg2 Kg5 35. Bc4 Rb1 36. a4 Rb4 37. Bb5 a6 38. Bxa6 Rxa4 39. Bb5 Ra3 40. Be8 Kf6 41. Bb5 g5 42. Bc6 Rb3 43. Ba4 Rb2 44. Bc6 b5 45. Kf3 b4 0-1

[Event "IECC CL3-2001.26"]
[Site "IECC email"]
[Date "2001.08.04"]
[Round "?"]
[White "Dobrin, Doron"]
[Black "Dambacher, Andreas"]
[Result "1/2-1/2"]
[WhiteElo "1878"]
[BlackElo "1819"]
[PlyCount "70"]
[EventDate "2001.??.??"]
[EventType "tourn (corr)"]
[EventRounds "4"]
[SourceTitle "Corr 2008"]
[Source "ChessBase"]
[SourceDate "2008.06.24"]
[SourceVersion "1"]
[SourceVersionDate "2008.06.24"]
[SourceQuality "1"]

1. e4 e5 2. Nf3 Nf6 3. d4 Nxe4 4. Bd3 d5 5. Nxe5 Nd7 6. Nxd7 Bxd7 7. 0-0 Qh4 8. c4 0-0-0 9. c5 g5 10. Nc3 Bg7 11. g3 Qh6 12. Nxe4 dxe4 13. Bxe4 f5 14. Bg2 f4 15. Qb3 c6 16. d5 Rhf8 17. Qa4 cxd5 18. Qxa7 Bc6 19. Qa8+ Kc7 20. Qa3 Ra8 21. Qb3 d4 22. Bxc6 Qxc6 23. Bd2 Rae8 24. Rae1 Be5 25. Qd3 h5 26. Qh7+ Kb8 27. Qxh5 Rh8 28. Qxg5 fxg3 29. h4 g2 30. Qxg2 Rxh4 31. f4 Qc8 32. Rxe5 Rxe5 33. fxe5 Rg4 34. Bf4 Rxg2+ 35. Kxg2 Qg4+ 1/2-1/2

[Event "IECC KO email"]
[Site "IECC email"]
[Date "2001.03.27"]
[Round "?"]
[White "Beninsky, Svejen"]
[Black "Dobrin, Doron"]
[Result "1/2-1/2"]
[WhiteElo "1902"]
[BlackElo "1843"]
[PlyCount "95"]
[EventDate "2001.??.??"]
[EventType "tourn (corr)"]
[EventRounds "6"]
[SourceTitle "Corr 2008"]
[Source "ChessBase"]
[SourceDate "2008.06.24"]
[SourceVersion "1"]
[SourceVersionDate "2008.06.24"]
[SourceQuality "1"]

1. e4 e5 2. Nc3 Nf6 3. Bc4 Nxe4 4. Qh5 Nd6 5. Bb3 Be7 6. Nf3 Nc6 7. Nxe5 g6 8. Nxc6 dxc6 9. Qf3 0-0 10. 0-0 Bf6 11. d3 Re8 12. Bd2 Be6 13. Bxe6 Rxe6 14. Rae1 Be5 15. Bf4 Qe7 16. Bxe5 Rxe5 17. Rxe5 Qxe5 18. Qe3 Qf6 19. a3 b6 20. Re1 Re8 21. Qd2 Rxe1+ 22. Qxe1 Kg7 23. Nd1 c5 24. c3 c6 25. h3 h5 26. Ne3 Qe6 27. Qd1 f5 28. d4 cxd4 29. Qxd4+ Kf7 30. Qa4 Qd7 31. Nc2 Ke8 32. Qb3 Ke7 33. Nd4 c5 34. Nf3 Qe6 35. Qa4 a5 36. Qh4+ Kd7 37. Qf4 Ke7 38. Qg5+ Ke8 39. Nh4 Kf7 40. Qd8 Nc4 41. Nf3 Kg7 42. Ng5 Qd6 43. Qe8 Qd1+ 44. Kh2 Qd6+ 45. g3 Ne5 46. Ne6+ Kf6 47. Nf4 Nf3+ 48. Kg2 1/2-1/2

[Event "IECC KO email"]
[Site "IECC email"]
[Date "2001.03.27"]
[Round "?"]
[White "Dobrin, Doron"]
[Black "Beninsky, Svejen"]
[Result "1/2-1/2"]
[WhiteElo "1841"]
[BlackElo "1904"]
[PlyCount "98"]
[EventDate "2001.??.??"]
[EventType "tourn (corr)"]
[EventRounds "6"]
[SourceTitle "Corr 2008"]
[Source "ChessBase"]
[SourceDate "2008.06.24"]
[SourceVersion "1"]
[SourceVersionDate "2008.06.24"]
[SourceQuality "1"]

1. e4 c5 2. Nf3 d6 3. d4 cxd4 4. Nxd4 Nf6 5. Nc3 a6 6. Be3 Ng4 7. Bg5 h6 8. Bh4 g5 9. Bg3 Bg7 10. h3 Ne5 11. Nf5 Bxf5 12. exf5 Nbc6 13. Nd5 e6 14. fxe6 fxe6 15. Ne3 0-0 16. Be2 d5 17. 0-0 Qb6 18. Rb1 Rad8 19. Re1 Ng6 20. c3 Nf4 21. Bg4 Ne5 22. Nc2 Nxg4 23. Qxg4 e5 24. Bxf4 Rxf4 25. Qe2 d4 26. cxd4 exd4 27. Qc4+ Kf8 28. Qd3 Qa5 29. a3 Qf5 30. Nb4 Qxd3 31. Nxd3 Rf7 32. Rbc1 Re8 33. Kf1 Rxe1+ 34. Kxe1 Ke8 35. Kd2 Kd7 36. Nc5+ Kd6 37. Ne4+ Kd5 38. Kd3 Ke6 39. b4 Kd7 40. Rc5 Re7 41. Ra5 Re5 42. Ng3 Rxa5 43. bxa5 Ke6 44. Ke4 Bf8 45. a4 Bb4 46. Nf5 d3 47. Nd4+ Kf6 48. Kxd3 Bxa5 49. Ke4 h5 1/2-1/2

[Event "IECC CL3-2001.11"]
[Site "IECC email"]
[Date "2001.03.11"]
[Round "?"]
[White "Dobrin, Doron"]
[Black "Miletic, Srdjan"]
[Result "1-0"]
[WhiteElo "1864"]
[BlackElo "1798"]
[PlyCount "109"]
[EventDate "2001.??.??"]
[EventType "tourn (corr)"]
[EventRounds "4"]
[SourceTitle "Corr 2008"]
[Source "ChessBase"]
[SourceDate "2008.06.24"]
[SourceVersion "1"]
[SourceVersionDate "2008.06.24"]
[SourceQuality "1"]

1. e4 c5 2. Nf3 d6 3. d4 cxd4 4. Nxd4 Nf6 5. Nc3 a6 6. Bc4 e6 7. Bb3 b5 8. 0-0 Be7 9. Qf3 Qb6 10. Be3 Qb7 11. Qg3 b4 12. Na4 Bd8 13. f3 e5 14. Nf5 Bxf5 15. exf5 0-0 16. Rfd1 Ne8 17. f4 Nc6 18. fxe5 dxe5 19. Nc5 Qc7 20. Nd7 Nd4 21. Bxd4 exd4 22. Qxc7 Bxc7 23. Kh1 Rd8 24. Rxd4 Nf6 25. Nxf6+ gxf6 26. Rxb4 Rfe8 27. Bc4 Rd2 28. Bxa6 Rxc2 29. Rc4 Rxc4 30. Bxc4 Be5 31. Re1 Rc8 32. b3 Rc5 33. g4 Kg7 34. a4 Kh6 35. Re4 Rc7 36. a5 Bc3 37. a6 Ba5 38. Kg2 Kg5 39. Kg3 Rd7 40. h4+ Kh6 41. Bb5 Rc7 42. b4 Bb6 43. Kf3 Rc3+ 44. Ke2 Rc7 45. Rc4 Re7+ 46. Kf3 Re3+ 47. Kf4 Re5 48. Bc6 Be3+ 49. Kf3 Bb6 50. Be4 Rb5 51. Rc6 Bg1 52. Rxf6+ Kg7 53. Rd6 Rxb4 54. f6+ Kh6 55. Rd5 1-0

[Event "IECC CL3-2001.02"]
[Site "IECC email"]
[Date "2001.01.21"]
[Round "?"]
[White "Draba, Henryk"]
[Black "Dobrin, Doron"]
[Result "1/2-1/2"]
[WhiteElo "1964"]
[BlackElo "1877"]
[PlyCount "68"]
[EventDate "2001.??.??"]
[EventType "tourn (corr)"]
[EventRounds "4"]
[SourceTitle "Corr 2008"]
[Source "ChessBase"]
[SourceDate "2008.06.24"]
[SourceVersion "1"]
[SourceVersionDate "2008.06.24"]
[SourceQuality "1"]

1. e4 e5 2. Nf3 Nf6 3. d4 Nxe4 4. dxe5 d5 5. Bd3 Nc5 6. 0-0 Be7 7. Nc3 Nxd3 8. Qxd3 c6 9. Nd4 0-0 10. f4 Re8 11. Kh1 Na6 12. a3 Nc7 13. b4 a5 14. Rb1 axb4 15. axb4 Na6 16. Na2 c5 17. Ne2 cxb4 18. Be3 Bg4 19. Nec1 b6 20. h3 Bc8 21. Rd1 Be6 22. f5 Bd7 23. f6 gxf6 24. exf6 Bxf6 25. Nxb4 Nxb4 26. Rxb4 b5 27. Bd4 Be5 28. Qf3 Ra4 29. Bxe5 Rxe5 30. Rxa4 bxa4 31. Nd3 Rf5 32. Qg3+ Rg5 33. Qd6 Qe8 34. Re1 Qc8 1/2-1/2

[Event "IECC KO email"]
[Site "IECC email"]
[Date "2000.10.28"]
[Round "?"]
[White "Van Rooijen, Peter"]
[Black "Dobrin, Doron"]
[Result "1-0"]
[WhiteElo "1829"]
[BlackElo "1866"]
[PlyCount "113"]
[EventDate "2000.??.??"]
[EventType "tourn (corr)"]
[EventRounds "6"]
[SourceTitle "Corr 2008"]
[Source "ChessBase"]
[SourceDate "2008.06.24"]
[SourceVersion "1"]
[SourceVersionDate "2008.06.24"]
[SourceQuality "1"]

1. b4 e5 2. b5 d5 3. Bb2 Bd6 4. Nf3 Nd7 5. c4 Ngf6 6. cxd5 Nxd5 7. e4 N5f6 8. Qc2 0-0 9. Nc3 Qe7 10. Bc4 Nb6 11. Be2 Nh5 12. g3 Bh3 13. a4 Qf6 14. a5 Bg2 15. axb6 Bxh1 16. Nd5 Qe6 17. bxa7 Bxf3 18. Bxf3 Nf6 19. Nxc7 Rfc8 20. Nxa8 Rxc2 21. Nc7 Rxc7 22. a8Q+ Bf8 23. Qb8 Qd6 24. Bc3 Qc5 25. Bb4 Qxb4 26. Qxc7 Nxe4 27. Qd8 Nc5 28. Be2 Qb2 29. Rd1 Qa2 30. h3 Qe6 31. Rc1 b6 32. Bf1 Qf5 33. Qd5 Ne4 34. f4 Nxg3 35. Qxe5 Qg6 36. Qd5 Qf6 37. Bd3 g6 38. f5 Nxf5 39. Bxf5 gxf5 40. Rc4 Be7 41. Qg2+ Kf8 42. Rc8+ Bd8 43. Qd5 Qh4+ 44. Kd1 Ke8 45. Qe5+ Qe7 46. Qh8+ Kd7 47. Ra8 Qh4 48. Qc3 Ke8 49. Qc6+ Ke7 50. Qb7+ Kd6 51. Ra7 Qxh3 52. Qc6+ Ke5 53. Qe8+ Kf4 54. Ra4+ Kg5 55. Qxd8+ f6 56. Qg8+ Kh6 57. Kc1 1-0

[Event "IECC CL3-2000.47"]
[Site "IECC email"]
[Date "2000.09.04"]
[Round "?"]
[White "Dobrin, Doron"]
[Black "Hakuc, Waclaw"]
[Result "1-0"]
[WhiteElo "1835"]
[BlackElo "1827"]
[PlyCount "63"]
[EventDate "2000.??.??"]
[EventType "tourn (corr)"]
[EventRounds "4"]
[SourceTitle "Corr 2008"]
[Source "ChessBase"]
[SourceDate "2008.06.24"]
[SourceVersion "1"]
[SourceVersionDate "2008.06.24"]
[SourceQuality "1"]

1. e4 e5 2. Nf3 Nc6 3. Bc4 Bc5 4. b4 Bxb4 5. c3 Ba5 6. d4 exd4 7. 0-0 dxc3 8. Qb3 Qf6 9. e5 Qg6 10. Nxc3 Bb6 11. Qd1 h5 12. Nd5 Nge7 13. Nf4 Qe4 14. Bxf7+ Kf8 15. Bxh5 Nxe5 16. Re1 Nxf3+ 17. Bxf3 Qf5 18. Ba3 d6 19. Qe2 Kg8 20. Qxe7 Bxf2+ 21. Kxf2 Qxf4 22. Qe8+ Qf8 23. Kg3 Bg4 24. Qxf8+ Kxf8 25. Kxg4 Rxh2 26. Bxb7 Re8 27. Rxe8+ Kxe8 28. Bc6+ Kd8 29. Re1 Rh8 30. Bc1 Kc8 31. Re8+ Rxe8 32. Bxe8 1-0

[Event "IECC KO email"]
[Site "IECC email"]
[Date "2000.05.29"]
[Round "?"]
[White "Dobrin, Doron"]
[Black "Evans, Chris I"]
[Result "1/2-1/2"]
[WhiteElo "1832"]
[BlackElo "1904"]
[PlyCount "90"]
[EventDate "2000.??.??"]
[EventType "tourn (corr)"]
[EventRounds "6"]
[SourceTitle "Corr 2008"]
[Source "ChessBase"]
[SourceDate "2008.06.24"]
[SourceVersion "1"]
[SourceVersionDate "2008.06.24"]
[SourceQuality "1"]

1. e4 c5 2. Nf3 d6 3. d4 cxd4 4. Nxd4 Nf6 5. Nc3 a6 6. Bc4 e6 7. Bb3 Nc6 8. Be3 Be7 9. 0-0 0-0 10. f4 Na5 11. Qf3 b5 12. a3 Qc7 13. Qg3 Nxb3 14. Nxb3 Bb7 15. Bd4 Nh5 16. Qd3 Rae8 17. Rad1 f5 18. Qh3 e5 19. fxe5 dxe5 20. Qxh5 exd4 21. Nxd4 fxe4 22. Nd5 Qc5 23. Nxe7+ Qxe7 24. Nf5 Qc5+ 25. Kh1 Qc7 26. Ne3 Qb6 27. Qg5 Qc7 28. Qh5 Rd8 29. Rxd8 Rxd8 30. h3 g6 31. Qe2 Qg3 32. Qf2 Qxf2 33. Rxf2 Kg7 34. Kg1 a5 35. Kf1 b4 36. axb4 axb4 37. Ke1 h6 38. Rd2 Rxd2 39. Kxd2 Kf6 40. c3 bxc3+ 41. Kxc3 Ke5 42. Nc4+ Kd5 43. Ne3+ Kc5 44. g3 Bc8 45. b4+ Kb5 1/2-1/2

[Event "IECC KO email"]
[Site "IECC email"]
[Date "2000.05.29"]
[Round "?"]
[White "Evans, Chris I"]
[Black "Dobrin, Doron"]
[Result "0-1"]
[WhiteElo "1926"]
[BlackElo "1810"]
[PlyCount "100"]
[EventDate "2000.??.??"]
[EventType "tourn (corr)"]
[EventRounds "6"]
[SourceTitle "Corr 2008"]
[Source "ChessBase"]
[SourceDate "2008.06.24"]
[SourceVersion "1"]
[SourceVersionDate "2008.06.24"]
[SourceQuality "1"]

1. e4 e5 2. Nf3 Nf6 3. Nc3 d6 4. d4 Nbd7 5. Bc4 Be7 6. Ng5 0-0 7. Bxf7+ Rxf7 8. Ne6 Qe8 9. Nxc7 Qd8 10. Nxa8 b6 11. dxe5 Nxe5 12. Bg5 Bb7 13. f4 Nxe4 14. Nxe4 Bxe4 15. Bxe7 Rxe7 16. fxe5 Bxg2 17. Rg1 Rxe5+ 18. Kf2 Qh4+ 19. Kxg2 Rg5+ 20. Kf3 Rf5+ 21. Ke2 Qxh2+ 22. Kd3 Qh3+ 23. Kd2 Rd5+ 24. Ke2 Re5+ 25. Kf2 Qe3+ 26. Kg2 Rg5+ 27. Kh2 Qe5+ 28. Kh3 Rh5+ 29. Qxh5 Qxh5+ 30. Kg3 Qe5+ 31. Kh3 Qe4 32. Nxb6 Qxc2 33. Na8 Qc8+ 34. Kh2 Qxa8 35. Rad1 Qf3 36. Rgf1 Qh5+ 37. Kg1 Qg6+ 38. Kh1 Qe6 39. Rde1 Qd5+ 40. Kg1 h5 41. b3 Kh7 42. Rf2 h4 43. Ree2 g5 44. Re7+ Kg6 45. Rxa7 Qd1+ 46. Kg2 Qg4+ 47. Kf1 h3 48. Re7 Qd1+ 49. Re1 Qd3+ 50. Rfe2 Qg3 0-1

[Event "IECC P email"]
[Site "IECC email"]
[Date "2000.02.27"]
[Round "?"]
[White "Dobrin, Doron"]
[Black "Richard, Phil"]
[Result "0-1"]
[WhiteElo "1832"]
[BlackElo "2144"]
[PlyCount "74"]
[EventDate "2000.??.??"]
[EventType "tourn (corr)"]
[EventRounds "6"]
[SourceTitle "Corr 2008"]
[Source "ChessBase"]
[SourceDate "2008.06.24"]
[SourceVersion "1"]
[SourceVersionDate "2008.06.24"]
[SourceQuality "1"]

1. e4 c5 2. Nf3 d6 3. d4 cxd4 4. Nxd4 Nf6 5. Nc3 a6 6. Be3 e6 7. g4 h6 8. Qf3 Nbd7 9. Rg1 Ne5 10. Qe2 b5 11. f3 b4 12. Nb1 d5 13. Nd2 dxe4 14. Nxe4 Nxe4 15. fxe4 Bb7 16. 0-0-0 Qc7 17. Kb1 Rc8 18. g5 hxg5 19. Rxg5 Nd7 20. Bg1 g6 21. Nf3 Be7 22. Rg2 Qc6 23. Bd4 Rh5 24. Re1 Ra5 25. b3 Nf6 26. Ng5 Nh5 27. Nh3 Bh4 28. Rc1 Nf6 29. Qd2 Nxe4 30. Qxb4 Rh5 31. Re2 a5 32. Qa3 Rd8 33. Qb2 Rxd4 34. Qxd4 Bf6 35. Rxe4 Bxd4 36. Rxd4 Qb6 37. Rcd1 Bf3 0-1

[Event "IECC P email"]
[Site "IECC email"]
[Date "2000.02.27"]
[Round "?"]
[White "Dobrin, Doron"]
[Black "Weggen, Rick HM"]
[Result "1-0"]
[WhiteElo "1776"]
[BlackElo "1708"]
[PlyCount "43"]
[EventDate "2000.??.??"]
[EventType "tourn (corr)"]
[EventRounds "6"]
[SourceTitle "Corr 2008"]
[Source "ChessBase"]
[SourceDate "2008.06.24"]
[SourceVersion "1"]
[SourceVersionDate "2008.06.24"]
[SourceQuality "1"]

1. e4 g6 2. d4 Bg7 3. c4 d6 4. Nc3 Nf6 5. f3 0-0 6. Bg5 Nbd7 7. Qd2 c5 8. d5 b6 9. Nh3 Ne5 10. Be2 Ba6 11. b3 Bb7 12. f4 Nxe4 13. Nxe4 Nxc4 14. bxc4 Bxa1 15. Nc3 Re8 16. 0-0 Bxc3 17. Qxc3 Qd7 18. f5 f6 19. Bh6 b5 20. Qg3 e5 21. fxg6 Qe7 22. Ng5 1-0

[Event "IECC Y2KO email"]
[Site "IECC email"]
[Date "1999.10.14"]
[Round "?"]
[White "Hodges, Peter F"]
[Black "Dobrin, Doron"]
[Result "0-1"]
[WhiteElo "1000"]
[BlackElo "1746"]
[PlyCount "24"]
[EventDate "1999.??.??"]
[EventType "tourn (corr)"]
[EventRounds "2"]
[SourceTitle "Corr 2008"]
[Source "ChessBase"]
[SourceDate "2008.06.24"]
[SourceVersion "1"]
[SourceVersionDate "2008.06.24"]
[SourceQuality "1"]

1. d4 Nf6 2. Nc3 e6 3. e4 Bb4 4. Bg5 c5 5. dxc5 Bxc5 6. Qe2 h6 7. Be3 Qb6 8. Bxc5 Qxb2 9. Na4 Qxa1+ 10. Qd1 Qxd1+ 11. Kxd1 Nxe4 12. Be3 0-0 0-1

[Event "IECC KO email"]
[Site "IECC email"]
[Date "1999.10.06"]
[Round "?"]
[White "Dobrin, Doron"]
[Black "Forget, Remy"]
[Result "0-1"]
[WhiteElo "1768"]
[BlackElo "1509"]
[PlyCount "52"]
[EventDate "1999.??.??"]
[EventType "tourn (corr)"]
[EventRounds "6"]
[SourceTitle "Corr 2008"]
[Source "ChessBase"]
[SourceDate "2008.06.24"]
[SourceVersion "1"]
[SourceVersionDate "2008.06.24"]
[SourceQuality "1"]

1. e4 e5 2. Nf3 Nc6 3. Bc4 Nf6 4. d4 exd4 5. e5 d5 6. Bb5 Ne4 7. Nxd4 Bd7 8. Bxc6 bxc6 9. 0-0 Bc5 10. f3 Ng5 11. f4 Ne4 12. Be3 Bb6 13. Nd2 Nxd2 14. Qxd2 c5 15. Nf3 Bc6 16. f5 d4 17. Bg5 Qd5 18. f6 gxf6 19. Bxf6 Rg8 20. Qh6 Qe4 21. Rf2 c4 22. e6 d3 23. exf7+ Kxf7 24. Bd4 Rxg2+ 25. Kxg2 Bxd4 26. Kg1 Bxf2+ 0-1

[Event "IECC KO email"]
[Site "IECC email"]
[Date "1999.10.06"]
[Round "?"]
[White "Forget, Remy"]
[Black "Dobrin, Doron"]
[Result "1/2-1/2"]
[WhiteElo "1536"]
[BlackElo "1741"]
[PlyCount "54"]
[EventDate "1999.??.??"]
[EventType "tourn (corr)"]
[EventRounds "6"]
[SourceTitle "Corr 2008"]
[Source "ChessBase"]
[SourceDate "2008.06.24"]
[SourceVersion "1"]
[SourceVersionDate "2008.06.24"]
[SourceQuality "1"]

1. e4 e5 2. Nf3 Nf6 3. d4 exd4 4. e5 Ne4 5. Qxd4 d5 6. exd6 Nxd6 7. Nc3 Nc6 8. Qf4 Bf5 9. Bb5 Be7 10. Bxc6+ bxc6 11. Ne5 0-0 12. Nxc6 Qe8 13. Nxe7+ Qxe7+ 14. Be3 Bxc2 15. 0-0 Qe6 16. Rac1 Bg6 17. Rfe1 Rfe8 18. Bd2 Qc4 19. b3 Rxe1+ 20. Rxe1 Qc6 21. Rc1 Re8 22. Be3 Nf5 23. Bd2 Rd8 24. Ne2 Qd5 25. Be1 Qd6 26. Qxd6 cxd6 27. Ba5 Re8 1/2-1/2

[Event "IECC Swiss email"]
[Site "IECC email"]
[Date "1999.07.13"]
[Round "?"]
[White "Dobrin, Doron"]
[Black "Wright, Barry"]
[Result "1-0"]
[WhiteElo "1676"]
[BlackElo "1461"]
[PlyCount "59"]
[EventDate "1999.??.??"]
[EventType "tourn (corr)"]
[EventRounds "6"]
[SourceTitle "Corr 2008"]
[Source "ChessBase"]
[SourceDate "2008.06.24"]
[SourceVersion "1"]
[SourceVersionDate "2008.06.24"]
[SourceQuality "1"]

1. e4 d5 2. exd5 Nf6 3. c4 c6 4. dxc6 Nxc6 5. Nf3 e5 6. d3 e4 7. dxe4 Qxd1+ 8. Kxd1 Nxe4 9. Be3 Bg4 10. Be2 0-0-0+ 11. Kc2 Bf5 12. Kc1 Bc5 13. Nh4 Bxe3+ 14. fxe3 Be6 15. b3 Nf2 16. Rf1 Nd3+ 17. Kc2 Nde5 18. Na3 Ng4 19. Bxg4 Bxg4 20. Rxf7 g5 21. Nf3 h6 22. Nd4 Ne5 23. Re7 Ng6 24. Re4 Bd7 25. Nab5 Rhf8 26. Nxa7+ Kb8 27. Nab5 Rf2+ 28. Kc3 Rxg2 29. Rd1 Rxh2 30. Ne6 1-0

[Event "IECC Swiss email"]
[Site "IECC email"]
[Date "1999.04.26"]
[Round "?"]
[White "Woodhouse, David JF"]
[Black "Dobrin, Doron"]
[Result "0-1"]
[WhiteElo "1547"]
[BlackElo "1722"]
[PlyCount "110"]
[EventDate "1999.??.??"]
[EventType "tourn (corr)"]
[EventRounds "6"]
[SourceTitle "Corr 2008"]
[Source "ChessBase"]
[SourceDate "2008.06.24"]
[SourceVersion "1"]
[SourceVersionDate "2008.06.24"]
[SourceQuality "1"]

1. e4 e5 2. Nf3 Nf6 3. Nxe5 d6 4. Nf3 Nxe4 5. d4 d5 6. Bd3 Bd6 7. 0-0 0-0 8. c4 c6 9. Qc2 f5 10. Nc3 Na6 11. Qb3 Nb4 12. Be2 Be7 13. a3 Nxc3 14. Qxc3 Na6 15. c5 Nc7 16. b4 Be6 17. Ne5 Bf6 18. f4 Re8 19. a4 a6 20. h3 g6 21. g4 Bg7 22. g5 Rc8 23. Qg3 Bf7 24. Be3 Qe7 25. h4 Qe6 26. Kf2 Rcd8 27. Rh1 Qe7 28. h5 Ne6 29. hxg6 Bxg6 30. Bh5 Bxe5 31. dxe5 a5 32. Qh4 Qg7 33. Bxg6 hxg6 34. bxa5 d4 35. Bd2 Nxc5 36. Rab1 Re7 37. Rh3 Kf7 38. Rbh1 Ke6 39. Kf3 Ne4 40. R3h2 c5 41. Qh3 d3 42. Re1 Rd4 43. Qf1 c4 44. Be3 Rd5 45. Rb1 c3 46. Rb5 Red7 47. Qb1 Rxb5 48. Qxb5 Nxg5+ 49. Kf2 d2 50. Qb3+ Ke7 51. Rh1 Ne4+ 52. Kf3 g5 53. fxg5 Qxe5 54. Bf4 Qd4 55. Be3 d1Q+ 0-1